[Event "Poltava-ch"]
[Site "Lubny"]
[Date "2011.02.23"]
[Round "7"]
[White "Malimonenko, Yury"]
[Black "Solovchuk, Alexey"]
[Result "1-0"]
[WhiteElo "2293"]
[BlackElo "2308"]
[PlyCount "47"]
[EventDate "2011.02.19"]
[EventType "tourn"]
[EventRounds "11"]
[EventCountry "UKR"]
[EventCategory "2"]
[SourceTitle "CBM 141 Extra"]
[Source "ChessBase"]
[SourceDate "2011.05.03"]
[SourceVersion "1"]
[SourceVersionDate "2011.05.03"]
[SourceQuality "1"]

1. e4 c5 2. Nf3 d6 3. d4 cxd4 4. Nxd4 Nf6 5. Nc3 Nc6 6. Bg5 e6 7. Qd2 a6 8. 0-0-0 Bd7 9. f4 h6 10. Bh4 g5 11. fxg5 Ng4 12. Nf3 hxg5 13. Bg3 Be7 14. Be2 Nge5 15. Kb1 f6 16. h4 gxh4 17. Nxh4 Qa5 18. Nf5 Rxh1 19. Rxh1 exf5 20. Rh8+ Bf8 21. Bxe5 Nxe5 22. Qxd6 Ng6 23. Rxf8+ Nxf8 24. Bh5+ 1-0